| 000 | 01770 a2200301 4500 | ||
|---|---|---|---|
| 001 | 53101 | ||
| 005 | 20260407155804.0 | ||
| 008 | 260407a2010 arg spa d | ||
| 003 | AR-UNSa-BCEJYS | ||
| 040 |
_aAR-UNSa-BCEJYS _bspa _cAR-UNSa-BCEJYS |
||
| 080 |
_a321 _xFormas de la organización política. Los estados como poderes políticos |
||
| 245 | 1 | 0 |
_aConsenso para el desarrollo _ppolìticas de estado, contrato social de garantìa y pertenencia |
| 020 | _a978-987-507-351-7 | ||
| 264 | 1 |
_aBuenos Aires : _bCiudad Argentina _c2010 |
|
| 300 |
_a100 p. _c22 cm. |
||
| 505 | _a1. Un contrato social para Argentina - 2. Del concenso vinculante - 3. Política del estado en educación, salud , trabajo e inclusión social - 4. Política de estado en seguridad, justicia y defensa - 5. Política de estado en relaciones internacionales e integración - 6. Política de estado en economía, hacienda y finanzas - 7. Política de estado en producción , industria, infraestructura, ambiente, energía, transporte y servicios - 8. Política de estado en regiones, provincias y municipios - 9. Política de estado en información y comunicación - 10. De la dinámica y ejecución de las políticas de estado - 11. De la auditoría y control de la eficacia de las políticas de estado - 12. Síntesis gráfica | ||
| 041 | _aspa | ||
| 942 | _cBK | ||
| 590 | _aniveau_biblio:m niveau_hierar:0 | ||
| 100 | 1 | _aDromi, José Roberto | |
| 700 | 1 | _aCaro Figueroa, José Armando | |
| 700 | 1 | _aDelich, Andrés | |
| 700 | 1 | _aFernández, Roque B. | |
| 700 | 1 | _aJaunarena, Horacio | |
| 700 | 1 | _aVanossi, Jorge Reinaldo A. | |
| 700 | 1 | _aSchmidt, Fernando Lucero | |
| 856 | 4 | 1 |
_uhttps://www.biblioeco.unsa.edu.ar/pmb/images/libros/L128449.jpg _yImagen de portada _qimage/jpeg |
| 999 |
_c5084 _d5084 |
||